Положение о порядке разработки (проектирования), допуска к испытаниям, изготовлению и выдачи разрешений на применение нового бурового, нефтегазопромыслового, геологоразведочного оборудования, оборудования для магистрального трубопроводного транспорта и технологических процессов: РД 08-343-00

Մատենագիտական մանրամասներ
Համատեղ հեղինակ: Российская Федерация Федеральный горный и промышленный надзор России (Госгортехнадзор России)
Լեզու:ռուսերեն
Հրապարակվել է: СПб., Деан, 2001
Շարք:Безопасность труда России
Խորագրեր:
Ձևաչափ: MixedMaterials Գիրք
KOHA link:https://koha.lib.tpu.ru/cgi-bin/koha/opac-detail.pl?biblionumber=106614

MARC

LEADER 00000nam0a2200000 4500
001 106614
005 20231031114949.0
010 |a 5936301273 
029 0 0 |a RU  |b 08-343-00  |c РД 
035 |a (RuTPU)RU\TPU\book\115120 
090 |a 106614 
100 |a 20061211d2001 k y0rusy50 ca 
101 0 |a rus 
102 |a RU 
105 |a y l 000zy 
200 1 |a Положение о порядке разработки (проектирования), допуска к испытаниям, изготовлению и выдачи разрешений на применение нового бурового, нефтегазопромыслового, геологоразведочного оборудования, оборудования для магистрального трубопроводного транспорта и технологических процессов  |e РД 08-343-00  |f Госгортехнадзор России 
210 |a СПб.  |c Деан  |d 2001 
215 |a 29 с. 
225 1 |a Безопасность труда России 
229 |a Утв. постановлением Госгортехнадзора России № 4 от 08.02.2000 
610 1 |a горное дело 
610 1 |a горное оборудование 
610 1 |a буровое оборудование 
610 1 |a нефтепромысловое оборудование 
610 1 |a геологоразведочное оборудование 
610 1 |a магистральные трубопроводы 
610 1 |a магистральный трубопроводный транспорт 
610 1 |a проектирование 
610 1 |a испытание 
610 1 |a применение 
610 1 |a эксплуатация 
610 1 |a положения 
610 1 |a РД 08-343-00 
675 |a 622.002.5  |v 3 
712 0 1 |a Российская Федерация  |b Федеральный горный и промышленный надзор России (Госгортехнадзор России)  |c (1992-2004)  |2 stltpush  |3 (RuTPU)RU\TPU\col\7022 
801 1 |a RU  |b 63413507  |c 20061211  |g PSBO 
801 2 |a RU  |b 63413507  |c 20221206  |g PSBO 
942 |c BK